000 02379cam a22003854a 4500
005 20260322212035.0
008 data
010 _a 2004003910
015 _abnb
_abnb
016 7 _a012946487
_2Uk
020 _a9781591471639
020 _a159147163X
040 _aDLC
_cDLC
_dCKK
_dUKM
_dVET
_dMUQ
_dCKK
041 0 9 _aeng
042 _anlmcopyc
_anlmcopyc
044 _9United States
049 _aNLMM
050 0 0 _aRC439.5
_b.R4228 2005
060 1 0 _aWM 400
_bR311 2005
082 0 0 _a616.89/1
_222
245 0 0 _aRecovery in mental illness :
_bbroadening our understanding of wellness /
_cedited by Ruth O. Ralph & Patrick W. Corrigan.
250 _a1st ed.
260 _aWashington, DC :
_bAmerican Psychological Association,
_cc2005.
300 _axi, 282 p. :
_bill. ;
_c27 cm.
504 _aIncludes bibliographical references and index.
505 0 0 _tVerbal definitions and visual models of recovery: focus on the recovery model /
_rRuth O. Ralph --
_rRuth O. Ralph --
_tResearch methods for exploring and assessing recovery /
_rDavid Loveland,
_rKatie Weaver Randall,
_rPatrick W. Corrigan --
_tBeyond dementia praecox: findings from long-term follow-up studies of schizophrenia /
_rJoseph D. Calabrese,
_rPatrick W. Corrigan --
_tSociological models of recovery /
_rFred E. Markowitz --
_tRecovery from schizophrenia: a criterion-based definition --
_rRobert P. Liberman,
_rAlex Kopelowicz --
_tVerbal definitions and visual models of recovery: focus on the recovery model /
_rRuth O. Ralph --
505 0 0 _tRecovery from addiction and from mental illness: shared and contrasting lessons -- /
_rDavid Loveland.
_rDavid Sells,
_rStephanie Sangster,
_rMaria O'Connell --
_tMutual-help groups and recovery: the influence of settings on participants' experience of recovery /
_rKatie Weaver Randall,
_rDeborah A. Salem --
_tDaring to pick up pieces of the puzzle: a consumer-survivor model of healing from childhood sexual abuse /
_rMary Jane Alexander,
_rKristina Muenzenmaier,
_rJeanne Dumont,
_rMary Auslander --
_tRecovery from addiction and from mental illness: shared and contrasting lessons -- /
_rWilliam White,
_rMichael Boyle,
_rDavid Loveland.
650 1 2 _aMental Disorders
_xrehabilitation
650 2 2 _aTreatment Outcome
650 2 2 _aMentally Ill Persons
_xpsychology
650 2 2 _aMental Health
700 1 _aRalph, Ruth O.
700 1 _aCorrigan, Patrick W.
001 data
999 _c812
_d812